| 000 | 01707cam a2200301 4500500 | ||
|---|---|---|---|
| 005 | 20260208005048.0 | ||
| 041 | _afre | ||
| 042 | _adc | ||
| 100 | 1 | 0 |
_aKing, Geoff _eauthor |
| 245 | 0 | 0 | _aIndie's Continuities : The Persistence of American Independent Tradition in Kelly Reichardt's Meek's Cutoff |
| 260 | _c2014. | ||
| 500 | _a87 | ||
| 520 | _aTandis que certains commentateurs ont affirmé que le cinéma indépendant était mort, ou que ce terme avait perdu tout sens car certaines distinctions se sont estompées, cette contribution soutient qu’il s’agit là d’une simplification abusive de la situation, notamment en passant sous silence un ensemble de caractéristiques identifiables qui perdurent tout au long des dernières décennies. L’article s’appuie sur La dernière piste ( Meek’s Cutoff, Kelly Reichardt, 2010), analysé comme exemple de la persistance des stratégies dites classiques du cinéma « indie », tant au niveau de ses conditions de production, de ses qualités formelles ou encore de son point de vue politico-idéologique. | ||
| 690 | _aalternative Western film | ||
| 690 | _aindependent film | ||
| 690 | _aKelly Reichardt | ||
| 690 | _alow-budget film | ||
| 690 | _aMeek's Cutoff | ||
| 690 | _aminimalist film | ||
| 690 | _aalternative Western film | ||
| 690 | _aindependent film | ||
| 690 | _aKelly Reichardt | ||
| 690 | _alow-budget film | ||
| 690 | _aMeek's Cutoff | ||
| 690 | _aminimalist film | ||
| 786 | 0 | _nRevue française d’études américaines | 136 | 2 | 2014-02-01 | p. 15-27 | 0397-7870 | |
| 856 | 4 | 1 | _uhttps://shs.cairn.info/journal-revue-francaise-d-etudes-americaines-2013-2-page-15?lang=en&redirect-ssocas=7080 |
| 999 |
_c1650402 _d1650402 |
||